|
|
|
|
| LEADER |
01237nam a22002897a 4500 |
| 001 |
44503 |
| 003 |
BD-DhAAL |
| 005 |
20250729144909.0 |
| 008 |
250723t2009 ii b 000 0 eng d |
| 020 |
|
|
|a 9780670084180
|
| 020 |
|
|
|a 0670084182
|
| 040 |
|
|
|a DLC
|c DLC
|d BD-DhAAL
|
| 041 |
1 |
|
|a eng
|h san
|
| 082 |
0 |
0 |
|a 294.592204521
|2 23
|
| 100 |
0 |
|
|a Valmiki.
|9 58826
|
| 240 |
1 |
0 |
|a Rāmāyaṇa.
|l English
|
| 245 |
1 |
4 |
|a The Ramayana /
|c Valmiki ; abridged and translated by Arshia Sattar.
|
| 260 |
|
|
|a New Delhi :
|b Penguin Books,
|c 2009.
|
| 300 |
|
|
|a lviii, 696 pages ;
|c 21 cm
|
| 504 |
|
|
|a Includes bibliographical references (pages [693]-696).
|
| 541 |
|
|
|a Donated by Farhana Zahir, Assistant Professor, BRAC Business School
|e 44503
|
| 600 |
|
|
|a Valmiki.
|t Ramayana.
|9 58889
|
| 700 |
1 |
|
|a Sattar, Arshia.
|9 58827
|
| 852 |
|
|
|a Ayesha Abed Library
|c General Stacks
|
| 942 |
|
|
|2 ddc
|c BK
|
| 999 |
|
|
|c 47349
|d 47349
|
| 952 |
|
|
|0 0
|1 0
|2 ddc
|4 0
|6 294_592204521000000_VAL
|7 0
|9 77897
|a BRACUL
|b BRACUL
|c GEN
|d 2025-07-23
|e Donated by Farhana Zahir, Assistant Professor, BRAC Business School
|l 2
|m 10
|o 294.592204521 VAL
|p 3010044503
|q 2026-06-02
|r 2026-03-29
|s 2026-03-29
|t 1
|w 2025-07-23
|y BK
|x Donated by Farhana Zahir, Assistant Professor, BRAC Business School ; Rs 699.00 ;
|